000 00904nam a2200241 a 4500
008 120416s2011 ||||||||||||||||| || u
020 _a9789290452003
050 _aUNIDIR(08)MNFC/2
100 _aYudin, Yury
245 1 0 _aMultilateralization of the nuclear fuel cycle: the first practical steps
_cedited by Yury Yudin
260 _aGeneva:
_bUNITED NATIONS
_c2011
300 _axi, 99p.: ill.
350 _a0.00
362 1 _a<p>UNIDIR/2011/2</p>
490 _aMultilateralization of the Nuclear Fuel Cycle
490 _v2011/2
650 _aNuclear fuels
650 _aENERGY
650 _aENERGY POLICY--INTERNATIONAL COOPERATION
650 _aURANIUM ENRINCHMENT
710 _aUnited Nations Institute for Disarmament Research (UNIDIR)
995 _FCBU-MAIN LIBRARY (Kitwe)
_I0.00
_M1
_UAVAILABLE
_WMar 14, 2013
_ZInternational Publications
999 _c51772
_d51772